Slnko - voda - pivo

Vplyv niektorých sezónnych činiteľov na spotrebu piva. Naturálne, sociálne a emocionálne vplyvy na spotrebu piva. Analýza spotreby piva v Chicagu 1991 až 1995. Analýza dopytu po pive na Slovensku a v susedných krajinách.

Salvato in:
Dettagli Bibliografici
Autore principale: Jankovič, Patrik, 1992-
Natura: Capitolo di libro
Lingua:slovacco
Soggetti:
Tags: Aggiungi Tag
Nessun Tag, puoi essere il primo ad aggiungerne!!

MARC

LEADER 00000naa a2200000 4500
001 0258110
005 20240502074104.7
041 0 |a slo 
044 |a SK 
245 1 0 |a Slnko - voda - pivo  |c Patrik Jankovič 
520 |a Vplyv niektorých sezónnych činiteľov na spotrebu piva. Naturálne, sociálne a emocionálne vplyvy na spotrebu piva. Analýza spotreby piva v Chicagu 1991 až 1995. Analýza dopytu po pive na Slovensku a v susedných krajinách. 
610 2 0 |a analýza ekonomická 
610 2 0 |a pivo 
610 2 0 |a Slovensko 
610 2 0 |a spotreba obyvateľstva 
610 2 0 |a spotreba 
610 2 0 |a dane 
610 2 0 |a teplo 
100 1 |a Jankovič, Patrik, 1992-